000 00565nam a2200181Ia 4500
001 17393
005 20260306171514.0
008 260306s9999||||xx |||||||||||||| ||und||
041 _aESP
082 _a657.835045
_bA49
100 _aÁlvarez Illanes, Juan Francisco
_eAUT
245 0 _aManual de normas generales de control gubernamental:
_bauditoría financiera, auditoría de gestión, auditoría de cumplimiento y servicio de control
260 _c2014
300 _a1006 páginas :
_c25 cm.
650 _aGEN
654 _aCCO
942 _cLIB
_dJUS
_fJUS
_2ddc
_n
999 _c17393
_d17393